00218nam a22000857a 4500082002100000100001700021245005600038260002800094300001000122 aTNC B262x54 P885 aPramod (ed.) aTowards understanding communalismcedited by Pramod aChandigarhbCRRIDc1992 a557p.